Influence of Conditions of Heating up on Integral Characteristics of Heattransfer in the Sensitive Element of the Thermoconjugate Sensor; European Physical Journal Web of Conferences (EPJ Web of Conferences); Vol. 110 : Thermophysical Basis of Energy Technologies

গ্রন্থ-পঞ্জীর বিবরন
Parent link:European Physical Journal Web of Conferences (EPJ Web of Conferences)
Vol. 110 : Thermophysical Basis of Energy Technologies.— 2016.— [01071, 6 p.]
প্রধান লেখক: Atroshenko Yu. K. Yuliana Konstantinovna
সংস্থা লেখক: Национальный исследовательский Томский политехнический университет (ТПУ) Энергетический институт (ЭНИН) Кафедра автоматизации теплоэнергетических процессов (АТП)
অন্যান্য লেখক: Abramova A. V. Anna
সংক্ষিপ্ত:Title screen
Heattransfer models in a sensitive element of the thermoconjugate temperature sensor in different conditions of heating up of the thermocouple are developed. Tasks of heat conduction for cases when on outline borders of the thermocouple conditions of I, II and III kinds are set are considered. Dependences of necessary duration of heating up of the thermocouple for different values of a heat flux to outline borders of a sensitive element for thermocouples of types K, L and E, distribution of temperature in the thermocouple in different conditions of heating up are received.
ভাষা:ইংরেজি
প্রকাশিত: 2016
বিষয়গুলি:
অনলাইন ব্যবহার করুন:http://dx.doi.org/10.1051/epjconf/201611001071
http://earchive.tpu.ru/handle/11683/33403
বিন্যাস: বৈদ্যুতিক গ্রন্থের অধ্যায়
KOHA link:https://koha.lib.tpu.ru/cgi-bin/koha/opac-detail.pl?biblionumber=647732

MARC

LEADER 00000nla2a2200000 4500
001 647732
005 20231227130711.0
035 |a (RuTPU)RU\TPU\network\12884 
035 |a RU\TPU\network\12877 
090 |a 647732 
100 |a 20160421a2016 k y0engy50 ba 
101 0 |a eng 
105 |a y z 100zy 
135 |a drcn ---uucaa 
181 0 |a i  
182 0 |a b 
200 1 |a Influence of Conditions of Heating up on Integral Characteristics of Heattransfer in the Sensitive Element of the Thermoconjugate Sensor  |f Yu. K. Atroshenko, A. V. Abramova 
203 |a Text  |c electronic 
300 |a Title screen 
320 |a [References: 11 tit.] 
330 |a Heattransfer models in a sensitive element of the thermoconjugate temperature sensor in different conditions of heating up of the thermocouple are developed. Tasks of heat conduction for cases when on outline borders of the thermocouple conditions of I, II and III kinds are set are considered. Dependences of necessary duration of heating up of the thermocouple for different values of a heat flux to outline borders of a sensitive element for thermocouples of types K, L and E, distribution of temperature in the thermocouple in different conditions of heating up are received. 
461 0 |0 (RuTPU)RU\TPU\network\7958  |t European Physical Journal Web of Conferences (EPJ Web of Conferences) 
463 0 |0 (RuTPU)RU\TPU\network\12773  |t Vol. 110 : Thermophysical Basis of Energy Technologies  |o Proceedings of the Conference, October 13-15, 2015, Tomsk, Russia  |f National Research Tomsk Polytechnic University (TPU) ; eds. G. V. Kuznetsov [et al.]  |v [01071, 6 p.]  |d 2016 
610 1 |a электронный ресурс 
610 1 |a труды учёных ТПУ 
610 1 |a нагрев 
610 1 |a интегральные характеристики 
610 1 |a теплообмен 
610 1 |a датчики 
610 1 |a теплопередача 
610 1 |a термопары 
610 1 |a тепловые потоки 
700 1 |a Atroshenko  |b Yu. K.  |c specialist in the field of power engineering  |c Senior Lecturer of Tomsk Polytechnic University, Engineer  |f 1989-  |g Yuliana Konstantinovna  |3 (RuTPU)RU\TPU\pers\32864  |9 16712 
701 1 |a Abramova  |b A. V.  |g Anna 
712 0 2 |a Национальный исследовательский Томский политехнический университет (ТПУ)  |b Энергетический институт (ЭНИН)  |b Кафедра автоматизации теплоэнергетических процессов (АТП)  |3 (RuTPU)RU\TPU\col\18678 
801 2 |a RU  |b 63413507  |c 20161121  |g RCR 
856 4 |u http://dx.doi.org/10.1051/epjconf/201611001071 
856 4 0 |u http://earchive.tpu.ru/handle/11683/33403 
942 |c CF